000 00953nam a2200217Ia 4500
999 _c38416
_d38416
001 4427
003 GE_BSU
005 20190515184033.0
008 181216s2009||||ge |||||||||||||| ||geo||
020 _a9789941127076
040 _cGE_BSU
041 _ageo
080 _a665(075.8) მ–25
100 _aმამულაიშვილი, ნ
_91184
245 _aნავთობური ზეთების წარმოება, ექსპლუატაცია და რეგენერაცია : სახელმძღვ. /
_cნ. მამულაიშვილი
264 _aთბილისი :
_bუნივერსალი,
_c2009.
300 _a135 გვ .;
_c20 სმ.
653 _aნავთობური ზეთების წარმოება, ექსპლუატაცია და რეგენერაცია
653 _aნავთობი
942 _cBK
_2udc